Statistics for Tourist Attractions by Clue

Click here to take the quiz!

General Stats

  • This quiz has been taken 639 times
    (630 since last reset)
  • The average score is 11 of 20

Answer Stats

Clue Tourist Attraction % Correct
Mona Lisa, Glass Pyramid,Le Louvre
84%
Leaning, Galileo, Bell TowerTower of Pisa
82%
Longest Structure, Ming DynastyGreat Wall of China
82%
Kremlin, St Basil's Cathedral, ___ SquareRed Square
73%
Sculpture, 4 Presidents, South DakotaMount Rushmore
71%
19000 ft, tallest mountain in AfricaMount Kilimanjaro
71%
Supervolcano, First National ParkYellowstone
69%
Agra, The Crown of Palaces, Shah JahanTaj Mahal
68%
Bell, Palace of Westminster, Elizabeth TowerBig Ben
60%
NYC Harbor, JULY IV MDCCLXXVIStatue of Liberty
54%
Horseshoe Falls, Lake Ontario and Lake ErieNiagara Falls
53%
Cape Town, Flat-toppedTable Mountain
51%
The Rose City, Jordan, NabataeansPetra
49%
Rapa Nui, Moai, Statues, Isla de PascuaEaster Island
46%
1989 Protests, Beijing, Qianmen GateTienanmen Square
43%
Unter den Linden, Berlin GateBrandenburg Gate
42%
Tallest Building in the WorldBurj Khalifa
39%
Urubamba River, The Lost City of the IncasMachu Picchu
29%
Tokyo, Observation TowerTokyo Skytree
6%
Sri Lanka, Lion Rock, FrescoesSigiriya
3%

Score Distribution

Percentile by Number Answered

Percent of People with Each Score

Your Score History

You have not taken this quiz since the last reset